000 00414nam a2200181Ia 4500
003 0STCL
008 150530s9999 xx 000 0 und d
040 _aSTCL
_cSTCL
100 _aCalicut University
245 _aAadhunika Gadhya Mathrukakal
250 _a1
260 _bUniveristy of Calicut
_c1982
300 _a0
546 _aMalayalam
942 _2ddc
_cBK
999 _c80161
_d80161
005 20220125171734.0